Cultural practices and identity politics in Manipur (Record no. 8730)

MARC details
000 -LEADER
fixed length control field 00572nam a2200193Ia 4500
020 ## - INTERNATIONAL STANDARD BOOK NUMBER
ISBN 9789351251439
082 ## - DEWEY DECIMAL CLASSIFICATION NUMBER
Classification number 305.80095417 CUL;
245 #0 - TITLE STATEMENT
Title Cultural practices and identity politics in Manipur
260 ## - PUBLICATION, DISTRIBUTION, ETC. (IMPRINT)
Place of publication New Delhi
Name of publisher Concept Publishing
Year of publication 2015
300 ## - PHYSICAL DESCRIPTION
Number of Pages xvii, 190p
650 ## - SUBJECT ADDED ENTRY--TOPICAL TERM
Topical Term GROUP IDENTITY - MANIPUR
650 ## - SUBJECT ADDED ENTRY--TOPICAL TERM
Topical Term ETHNIC GROUPS - MANIPUR
650 ## - SUBJECT ADDED ENTRY--TOPICAL TERM
Topical Term IDENTITY POLITICS - MANIPUR
650 ## - SUBJECT ADDED ENTRY--TOPICAL TERM
Topical Term WOMEN IN DEVELOPMENT
700 ## - ADDED ENTRY--PERSONAL NAME
Personal name Churchil, Laishram
700 ## - ADDED ENTRY--PERSONAL NAME
Personal name Henthoiba, Lisham
710 ## - ADDED ENTRY--CORPORATE NAME
Corporate name or jurisdiction name as entry element Centre for Alternative Discourse, Manipur
942 ## - ADDED ENTRY ELEMENTS (KOHA)
Koha item type Books
Holdings
Withdrawn status Lost status Damaged status Not for loan Home library Current library Date acquired Source of acquisition Bill Date Full call number Accession Number Price effective from Koha item type
        NASSDOC Library NASSDOC Library 31/03/2016 RKB 2016-03-08 305.80095417 CUL; 48994 18/04/2019 Books